000
00329nam a22001337a 4500
008
180115b xxu||||| |||| 00| 0 eng d
020
_a
676251832846
041
_a
eng
080
_a
7
100
_a
42
101
_a
ART
245
_a
AIKIDO AND THE DYNAMIC SPHERE AN ILLUSTRATED INTRODUCTION
_c
RATTI/O
942
_2
udc
_c
BK
999
_c
40240
_d
40240